| 000 | 00909nam a22002535a 4500 | ||
|---|---|---|---|
| 003 | OSt | ||
| 005 | 20170118111142.0 | ||
| 008 | 170116s2006 ua frb 000 0 ara d | ||
| 015 | _22006 / 17027 | ||
| 020 | _a9789770498653 | ||
| 040 |
_aEG-ScBUE _bara _cEG-ScBUE _dEG-ScBUE |
||
| 082 | 0 | 4 |
_a341 _bر خ ا _222 |
| 100 | 1 | _aرخا، طارق عزت. | |
| 245 | 1 | 2 |
_aالقانون الدولي العام في السلم والحرب / _cطارق عزت رخا. |
| 260 |
_aالقاهرة : _bدار النهضة العربية، _c2006. |
||
| 300 |
_a699 ص. ؛ _c24 سم. |
||
| 504 | _aيشتمل على إرجاعات ببليوجرافية. | ||
| 650 | 7 |
_aالقانون الدولي العام. _2BUEsh |
|
| 650 | 7 |
_aالحرب (قانون دولي) _2BUEsh |
|
| 650 | 7 |
_aالسلام العالمي (قانون دولي) _2BUEsh |
|
| 651 | _2BUEsh | ||
| 653 |
_bLLAAWW _cJanuary2017 |
||
| 942 | _2ddc | ||
| 999 |
_c23963 _d23935 |
||